| LEADER |
01152nam0a2200229 450 |
| 001 |
16844768 |
| 010 |
|
|
|a 978-2-8116-7782-4
|b br.
|d 7,2
|
| 100 |
|
|
|a 20240507d2024 u u0frey01 ba
|
| 101 |
0 |
|
|a fre
|
| 102 |
|
|
|a FR
|
| 200 |
0 |
|
|a And yet, you are so sweet
|
| 207 |
|
1 |
|a
|
| 210 |
|
|
|a Vanves
|c Pika éditions
|d 2024
|
| 215 |
|
|
|a 1 vol. (176 p.)
|d 18 cm
|
| 225 |
1 |
|
|a Pika Shôjo
|i Cherry Blush
|
| 330 |
|
|
|a A présent qu'elle est officiellement devenue la petite amie de Chigira, Maaya commence à se faire à l'idée que son amour est réciproque. Mais voilà qu'un jour, elle rencontre à ses cours du soir une dénommée Fukumori, qui était au collège avec Chigira et Tezuka. Or, d'après ce dernier, celle-ci serait une ex de Chigira ! Face à cette potentielle rivale, la confiance de Maaya s'effrite. Et si elle n'était pas à la hauteur ?
|
| 461 |
|
0 |
|t And yet, you are so sweet
|v 8
|
| 700 |
|
0 |
|a Anan
|b Kujira
|c Illustrateur
|4 70
|
| 702 |
|
0 |
|a Le Dimna
|b Léa
|c Traducteur
|4 70
|
| 900 |
|
|
|a Bande Dessinée enfant ado
|
| 901 |
|
|
|a Accessible au prêt
|
| 995 |
|
|
|a Bibliothèque
|c Bibliothèque
|f 024024532
|h 024024532
|k BD ANA
|o p
|q j
|r az
|e Bibliothèque
|